000 01136nam a22003377a 4500
003 CHAP
005 20220329143438.0
008 090914s2006 mx r 00010 spa d
010 _a96737
011 _a97709
020 _a9688961485
035 _a108379
040 _cCHAP
082 0 4 _a101
_bG58
100 1 _aGonzález Galván, Humberto.
_948923
245 1 0 _aRadio y filosofía: tradición y juego de espejos :
_bconversaciones filosóficas: tragedia
_c/por Humberto González Galván
260 _aLa Paz, B.C.S. :
_bUniversidad Autónoma de Baja California Sur,
_c2006
300 _a107 p.
490 _aCuadernos universitarios
590 _aBATCH-UPD
_b10
_c20130110
_lUCH01
_h1123
590 _aBATCH-UPD
_b10
_c20130410
_lUCH01
_h0713
590 _aBATCH-UPD
_b10
_c20130914
_lUCH01
_h1110
590 _aCONVERSION
_b10
_c20130109
_lUCH01
_h1353
650 1 4 _aFilosofía.
_940890
650 1 4 _aMedios masivos de comunicación.
_974123
650 1 4 _aRadio.
_993686
830 0 _aCuadernos universitarios
_929883
901 _aBK
942 _cLIBRO
949 _a101 G58
_bBC
_cLIBRO
_d33724002113306
_eLIBRO
_h111280
_i108379
_si
999 _c96737
_d96737